<?xml version="1.0" encoding="UTF-8"?>
<record
    xmlns:xsi="http://www.w3.org/2001/XMLSchema-instance"
    xsi:schemaLocation="http://www.loc.gov/MARC21/slim http://www.loc.gov/standards/marcxml/schema/MARC21slim.xsd"
    xmlns="http://www.loc.gov/MARC21/slim">

  <leader>00938nam a22002537a 4500</leader>
  <datafield tag="952" ind1=" " ind2=" ">
    <subfield code="a">0001</subfield>
    <subfield code="b">0001</subfield>
    <subfield code="d">2021-06-08</subfield>
    <subfield code="l">0</subfield>
    <subfield code="o">306.09561 A41t 2013</subfield>
    <subfield code="p">019880</subfield>
    <subfield code="r">2021-06-08 00:00:00</subfield>
    <subfield code="w">2021-06-08</subfield>
    <subfield code="x">Kemal K&#x131;l&#x131;&#xE7;daro&#x11F;lu ba&#x11F;&#x131;&#x15F;&#x131;d&#x131;r.</subfield>
    <subfield code="y">BKS</subfield>
  </datafield>
  <datafield tag="999" ind1=" " ind2=" ">
    <subfield code="c">14397</subfield>
    <subfield code="d">14397</subfield>
  </datafield>
  <controlfield tag="003">MIRAKIL</controlfield>
  <controlfield tag="005">20211214000620.0</controlfield>
  <controlfield tag="008">210608b        tu ||||| |||| 00| 0 tur d</controlfield>
  <datafield tag="020" ind1=" " ind2=" ">
    <subfield code="a">9786056362071 </subfield>
  </datafield>
  <datafield tag="040" ind1=" " ind2=" ">
    <subfield code="a">TR-AnCHP</subfield>
    <subfield code="c">TR-AnCHP</subfield>
  </datafield>
  <datafield tag="041" ind1=" " ind2=" ">
    <subfield code="a">Tur</subfield>
  </datafield>
  <datafield tag="082" ind1=" " ind2=" ">
    <subfield code="a">306.09561</subfield>
    <subfield code="b">A41t 2013</subfield>
  </datafield>
  <datafield tag="100" ind1=" " ind2=" ">
    <subfield code="a">Akbulut, H&#xFC;seyin</subfield>
  </datafield>
  <datafield tag="245" ind1="1" ind2="0">
    <subfield code="a">T&#xFC;rkiye'nin k&#xFC;lt&#xFC;r ve sanat siyaseti :</subfield>
    <subfield code="b">Ya&#x15F;ananlar, tan&#x131;klar, d&#xFC;&#x15F;&#xFC;nceler &#x131;&#x15F;&#x131;&#x11F;&#x131;nda/</subfield>
    <subfield code="c">H&#xFC;seyin Akbulut.</subfield>
  </datafield>
  <datafield tag="246" ind1=" " ind2=" ">
    <subfield code="a">Ya&#x15F;ananlar, tan&#x131;klar, d&#xFC;&#x15F;&#xFC;nceler &#x131;&#x15F;&#x131;&#x11F;&#x131;nda</subfield>
  </datafield>
  <datafield tag="260" ind1=" " ind2=" ">
    <subfield code="a">Ankara : </subfield>
    <subfield code="b">M&#xFC;zik E&#x11F;itimi Yay&#x131;nlar&#x131;,</subfield>
    <subfield code="c">2013.</subfield>
  </datafield>
  <datafield tag="300" ind1=" " ind2=" ">
    <subfield code="a">376 s. :</subfield>
    <subfield code="b">fot&#x11F;. ; </subfield>
    <subfield code="c">21 sm.</subfield>
  </datafield>
  <datafield tag="490" ind1="0" ind2=" ">
    <subfield code="a">M&#xFC;zik E&#x11F;itimi Yay&#x131;nlar&#x131; ;  </subfield>
    <subfield code="a">K&#xFC;lt&#xFC;r kitaplar&#x131; serisi ;</subfield>
    <subfield code="v">no: 46 </subfield>
    <subfield code="v">no: 15</subfield>
  </datafield>
  <datafield tag="504" ind1=" " ind2=" ">
    <subfield code="a">Dizin vard&#x131;r.</subfield>
  </datafield>
  <datafield tag="650" ind1=" " ind2="0">
    <subfield code="9">6702</subfield>
    <subfield code="a">K&#xFC;lt&#xFC;r ve sanat</subfield>
    <subfield code="x">T&#xFC;rkiye</subfield>
  </datafield>
  <datafield tag="650" ind1=" " ind2="0">
    <subfield code="a">Siyaset ve y&#xF6;netim</subfield>
    <subfield code="x">T&#xFC;rkiye</subfield>
    <subfield code="9">9</subfield>
  </datafield>
  <datafield tag="740" ind1=" " ind2=" ">
    <subfield code="a">Ya&#x15F;ananlar, tan&#x131;klar, d&#xFC;&#x15F;&#xFC;nceler &#x131;&#x15F;&#x131;&#x11F;&#x131;nda</subfield>
  </datafield>
  <datafield tag="942" ind1=" " ind2=" ">
    <subfield code="2">ddc</subfield>
    <subfield code="c">BKS</subfield>
  </datafield>
</record>
